Historical figures #2 - Statistics

General Stats
  • This quiz has been taken 81 times
  • The average score is 8 of 19
Answer Stats
Picture Answer % Correct
Neil Armstrong
94%
Anne Frank
89%
Marie Curie
82%
Rembrandt
68%
Cleopatra
65%
Thomas Jefferson
65%
Ho Chi Minh
61%
Charles Dickens
59%
Desmond Tutu
56%
Francisco Franco
42%
Dante Alighieri
36%
Lech Walesa
15%
Pyotr Ilyich Tchaikovsky
15%
Maria Theresa
14%
James Joyce
6%
Jan Hus
5%
Max Planck
5%
Prince Eugene of Savoy
2%
Roger Joseph Boscovich
2%
No matching quizzes found
Score Distribution
Percent of People with Each Score
Percentile by Number Answered
Your Score History
You have not taken this quiz